000 00742nam a2200229Ia 4500
005 20250108124827.0
008 008 250107s9999 xx 000 0 hin d
020 _a978-81-83787-21-2
037 _aTB
040 _aCRL
_bhin
_cCRL
041 _ahin
_2hin
084 _aQ7:21 R3
084 _qCRL
100 _aइंद्रेश कुमार, ले.
245 0 _aरमजान राखी संदेश
_cइंद्रेश कुमार, ले.
260 _aनई दिल्ली, भारत
_bमुस्लिम राष्ट्रीय मंच
_c2334
300 _a40पृ0
365 _aINR
_b140
650 _aधर्म
942 _cTB
_hQ7:21 R3
999 _c1234722
_d1234722